| 000 -CABECERA |
| fixed length control field |
01004nam a22002537i 4500 |
| 003 - IDENTIFICADOR DEL NÚMERO DE CONTROL |
| control field |
AR-CdUCM |
| 008 - DATOS DE LONGITUD FIJA--INFORMACIÓN GENERAL |
| fixed length control field |
240424b20202020pe ||||| |||| 00| 0 spa d |
| 020 ## - NÚMERO INTERNACIONAL ESTÁNDAR DEL LIBRO |
| ISBN |
978-612-004-952-5 |
| 040 ## - FUENTE DE LA CATALOGACIÓN |
| Agencia/entidad que catalogó originalmente la obra |
MUNICIPALIDAD PROVINCIAL DEL CUSCO |
| Entidad que transcribió la catalogación |
BIBLIOTECA MUNICIPAL DEL CUSCO |
| 082 ## - NÚMERO DE LA CLASIFICACIÓN DECIMAL DEWEY |
| No. de Clasificación |
001.42 / A18 |
| Notacion interna |
A18 |
| 100 ## - ENTRADA PRINCIPAL--NOMBRE DE PERSONA |
| Nombre Personal |
Aceituno Huacani, Carlos |
| 245 ## - MENCIÓN DE TÍTULO |
| Título |
Mitos y Realidades de la Investigación Científica / |
| 260 ## - PUBLICACIÓN, DISTRIBUCIÓN, ETC. |
| Lugar de publicación, distribución, etc. |
Cusco : |
| Fecha de publicación, distribución, etc. |
2020 |
| 300 ## - DESCRIPCIÓN FÍSICA |
| Nº de Páginas Extensión |
96 páginas. : |
| Dimensiones |
23.5 cm. |
| 500 ## - NOTA GENERAL |
| Bibliografía |
Bibliografía: páginas 95-96 |
| 505 ## - NOTA DE CONTENIDO CON FORMATO |
| Nota de contenido formateada |
Metodología de la Investigación -- Entendimiento -- Problemas y objetivos -- Tesis -- Artículos Científicos |
| 650 ## - PUNTO DE ACCESO ADICIONAL DE MATERIA--TÉRMINO DE MATERIA |
| Descriptor |
Estructura de los reportes de investigación |
| 9 (RLIN) |
49620 |
| 650 ## - PUNTO DE ACCESO ADICIONAL DE MATERIA--TÉRMINO DE MATERIA |
| Descriptor |
Sentido del entendimiento |
| 9 (RLIN) |
49621 |
| 650 ## - PUNTO DE ACCESO ADICIONAL DE MATERIA--TÉRMINO DE MATERIA |
| Descriptor |
Matriz de coherencia interna |
| 9 (RLIN) |
49622 |
| 650 ## - PUNTO DE ACCESO ADICIONAL DE MATERIA--TÉRMINO DE MATERIA |
| Descriptor |
Alcance, delimitación o limitación |
| 9 (RLIN) |
49623 |
| 650 ## - PUNTO DE ACCESO ADICIONAL DE MATERIA--TÉRMINO DE MATERIA |
| Descriptor |
Planteamiento de un problema de investigación |
| 9 (RLIN) |
49624 |
| 942 ## - ELEMENTOS DE PUNTO DE ACCESO ADICIONAL (KOHA) |
| Fuente de clasificación |
|
| Tipo de item |
Libros-BMC |
| 945 ## - PROCESAMIENTO DE INFORMACIÓN LOCAL (OCLC) |
| Catalogador |
pbj |
| AAAA-MM-DD - Fecha de ingreso o modificacion |
2024-04-24 |